00804cam a22002291 450000100060000000300080000600500170001400800410003103500190007203500190009104000320011004100080014208200230015010000530017324501540022626000400038030000280042065000320044865000370048065000390051770000180055627459BD-RjUL20211209051146.0140325t1944 enk 000 0 eng d a(BD-RjUL)27533 a(OCoLC)4369534 aDLCcDeUdDLCdBD-RjULbeng aeng00a940.5404bRAS 19441 aRabinowitz, Louis I.q(Louis Isaac),d1906-1984.10aSoldiers from Judaea :bPalestinian Jewish units in the Middle East, 1941-1943 /cby Rabbi I. Barinowitz ... with an introduction by James Parkes ... aLondon :bV. Gollancz Ltd.,cc1944. a79 p. :bill. ;c19 cm. 0aWorld War, 1939-1945xJews. 0aWorld War, 1939-1945zPalestine. 0aWorld War, 1939-1945zMiddle East.1 aParkes, James